|
|
|
|
| LEADER |
00764cam a2200217 7i4500 |
| 001 |
0000003044 |
| 005 |
20170218090000.0 |
| 008 |
100122 eng |
| 020 |
|
|
|a 0130293865 (pbk.)
|
| 020 |
|
|
|a 9780130293862
|
| 090 |
0 |
0 |
|a QA76.76.I57
|b W36 2001
|
| 100 |
1 |
|
|a Warner, Nancy D
|
| 245 |
1 |
0 |
|a StarOffice 5.2 Writer handbook
|c Nancy D. Warner.
|
| 260 |
|
|
|a Palo Alto, Calif.:
|b Sun Microsystems, Inc.,
|c 2001.
|
| 300 |
|
|
|a xix, 410p.:
|b ill.;
|c 24cm.
|
| 490 |
0 |
|
|a Sun Microsystems Press StarOffice series
|
| 500 |
|
|
|a Includes index
|
| 650 |
0 |
0 |
|a Integrated software
|
| 650 |
0 |
0 |
|a Word processing
|
| 997 |
|
|
|a Communication, Visual Art & Computing, Faculty
|b Computing, Department
|
| 999 |
|
|
|a 0000006352
|b BOK
|c REFERENCE
|e Ground Floor, Bestari Jaya
|